000 00896nam a2200253 a 4500
001 000023307
005 20200930022128.0
008 101201s1988 sp r 000 p spa d
020 _a8424901126
040 _aDO-SdBNP
_bspa
_cBNPHU
082 _a861.6
_bA454p, 1988
100 1 _aAlonso, Dámaso,
_d1898-1990.
_98769
245 1 0 _aPoetas españoles contemporáneo /
_cDámaso Alonso.
250 _a3a ed.
260 _aMadrid, (España) :
_bGredos,
_c1988.
300 _a421, [1] p. ;
_c20 cm.
490 1 _aBiblioteca románica hispánica
_aestudio y ensayos
_v6
500 _aIncluye referencias bibliográficas y notas al pie de las páginas
650 4 _aAutores españoles
_ySIGLO XX
_9633
650 4 _aPoesía española
_ySIGLO XX
_99197
650 4 _aLiteratura española
_ySIGLO XX
_93326
830 0 _aBiblioteca románica hispánica ;
_pestudio y ensayos
_v6
_947996
049 _aBNGR
999 _c22804
_d22804